000 00612nam a2200169Ia 4500
003 GCL
008 140319s9999 xx 000 0 ara d
040 _aGCL /
_cGCL
082 0 4 _a812.042
_bم ا
100 1 _aمحمد ابوالعلا السلامونى
245 1 0 _aامير المسرح - محمد تيمور /
_cمحمد ابوالعلا السلامونى
260 _aالقاهرة :
_bوزارة الثقافة - المركز الثقافى القومى ،
_c1998
300 _a86 ص ؛
_c24 سم
650 0 4 _aالمسرحيات العربية
650 0 4 _aمحمد تيمور
942 _2ddc
_cBK
999 _c33013
_d33013